Local Football Derbies of the United Kingdom - Statistics

General Stats
  • This quiz has been taken 256 times
    210 since last reset
  • The average score is 26 of 34
Answer Stats
Derby Team 1 % Correct
North London Derby Arsenal
99%
London Derby Arsenal
99%
Manchester Derby Manchester City
98%
Manchester United
98%
Manchester United
98%
Tottenham Hotspur
98%
Chelsea
97%
North-West Derby Liverpool
96%
Liverpool
96%
Merseyside Derby Everton
95%
Nottingham Derby Nottingham Forest
94%
South Wales Derby Cardiff City
89%
Tyne-Wear Derby Newcastle United
89%
Swansea City
89%
Sunderland
86%
Bristol Derby Bristol City
85%
Birmingham City
83%
Second City Derby Aston Villa
82%
The Old Firm Celtic
82%
Norwich City
81%
Rangers
81%
Bristol Rovers
79%
Stoke City
75%
Notts County
74%
East Anglian Derby Ipswich Town
73%
Potteries Derby Port Vale
70%
West Ham United
60%
Southampton
58%
Dockers Derby Millwall
51%
Leicester City
44%
New Forest Derby Bournemouth
41%
M69 Derby Coventry City
36%
North Belfast Derby Crusaders
17%
Cliftonville
12%
No matching quizzes found
Score Distribution
Percent of People with Each Score
Percentile by Number Answered
Your Score History
You have not taken this quiz since the last reset